Il solo Paese europeo rimasto . . . - Statistics

Statistiche generali
  • Questo quiz è stato fatto 4.147 volte
  • Il punteggio medio è 19 su 45
Risposte nella Mappa
Le risposte nella mappa del quiz sottostante sono codificate secondo una scala di colori dal rosso al verde in base alla % di persone che hanno risposto correttamente.
 
Statistiche sulle risposte
The only country . . . Country % Corretto
Più piccolo di 1 Km quadrato Città del Vaticano
99%
Che tocca sia il Mare del Nord che il Mediterraneo Francia
86%
Ad avere una megalopoli (popolazione > 10.000.000) Russia
80%
Ad avere una ferrovia a vapore funzionante nel 1825 Regno Unito
71%
Che tocca il Circolo Polare Artico Finlandia
67%
Interamente su un'isola Malta
67%
Ad essere più grande dello Yemen (~550,000 km quadrati) Ucraina
67%
Con più di 25.000 km di costa Norvegia
66%
Con una bandiera gialla e blu Svezia
66%
Vincitore della Coppa del mondo FIFA Germania
65%
Attraversato dal Meridiano di Greenwich Spagna
63%
Con 4 lingue ufficiali Svizzera
63%
Ad entrare nel Rinascimento nel 1300 Italia
61%
Nel quale era presente una delle Sette Meraviglie del Mondo Antico Grecia
57%
Connesso su strada o ferrovia ad un paese con il quale non ha un confine terrestre Danimarca
55%
Con una popolazione maggiore di quella del Ghana (~30,000,000) Polonia
49%
Con una densità di popolazione inferiore a 10 ab/kmq Islanda
46%
Più piccolo di Barbados (~400 Km quadrati) Monaco
42%
Che era una repubblica sin dal 1600 San Marino
41%
Con il tedesco come lingua ufficiale Liechtenstein
39%
Confinante con la Russia ad ovest Lituania
39%
Sulle Alpi Slovenia
39%
Vincitore di più di 100 medaglie alle Olimpiadi Invernali Austria
38%
Con solo una delle 5 vocali nel proprio nome Kosovo
38%
Senza il rosso nella bandiera Estonia
37%
Bagnato dal Mar Baltico Lettonia
37%
Con più di 2 Premi Nobel per la letteratura Irlanda
35%
Bagnato dal Mar Mediterraneo Croazia
31%
Con una produzione di più di 600.000 litri di vino all'anno Portogallo
31%
Che ha ospitato un'Olimpiade Estiva Belgio
29%
Bagnato dal Mar Nero Bulgaria
27%
Che faceva parte dell'URSS Moldavia
27%
Che condivide un'isola abitata con un'altra Nazione Paesi Bassi
27%
Ad essere una monarchia Andorra
24%
Con una lingua ufficiale non Indo-Europea Ungheria
24%
Vincitore di più di 300 medaglie olimpiche Romania
21%
Attraversato dal Danubio Serbia
21%
Ad ospitare un'Olimpiade Bosnia-Herzegovina
19%
Ad avere vinto più volte l'Eurovision Lussemburgo
18%
Con una popolazione più bassa rispetto ad Honolulu (~1,000,000) Montenegro
18%
Ad aver partecipato ad un'Olimpiade senza mai vincere una medaglia d'oro o d'argento Albania
17%
Con una città classificata "Alpha" (fino al 2023) Repubblica Ceca
14%
Con una popolazione di più di 1 milione di abitanti Bielorussia
13%
Tra i primi 50 al mondo nell'Indice di Sviluppo Umano Slovacchia
13%
In Europa Macedonia del Nord
12%
Nessun quiz corrispondente trovato
Distribuzione punteggi
Percentuale di utenti per punteggio
Percentile per numero di risposta
I tuoi punteggi nel tempo
Non hai fatto questo quiz